1351-船橋市(千葉県)の駅 - Statistics

General Stats
  • This quiz has been taken 22 times
  • The average score is 23 of 31
Answer Stats
Answer % Correct
東船橋
100%
船橋
100%
西船橋
100%
南船橋
94%
京成船橋
88%
船橋競馬場
88%
原木中山
88%
下総中山
81%
船橋法典
81%
新船橋
81%
京成西船
81%
海神
81%
京成中山
75%
大神宮下
75%
飯山満
75%
東中山
69%
高根公団
69%
高根木戸
69%
北習志野
69%
東海神
69%
北習志野
69%
船橋日大前
69%
三咲
63%
習志野
63%
薬園台
63%
前原
63%
馬込沢
56%
二和向台
56%
小室
56%
塚田
50%
滝不動
50%
No matching quizzes found
Score Distribution
Percent of People with Each Score
Percentile by Number Answered
Your Score History
You have not taken this quiz